000
00339nam a2200145Ia 4500
005
20251222153558.0
008
251222s9999||||xx |||||||||||||| ||spa||
020
_a
9788499251004
082
_a
211/C34
100
_a
Castillo Gualda, Luis Miguel
245
0
_a
Esta es Nuestra Fe
250
_a
1ra .ed
264
_b
EDICEP
942
_c
LIB
999
_c
31116
_d
31116